Every 100k+ City in the Mountain States on a Map - Statistics

General Stats
  • This quiz has been taken 826 times
    712 since last reset
  • The average score is 30 of 41
Answers on the Map
Answers color-coded by a green-red scale on the quiz's map according to % correct below.
 
Answer Stats
Population City % Correct
646,790 Las Vegas
98%
1,624,569 Phoenix
98%
562,599 Albuquerque
97%
237,446 Boise
97%
711,463 Denver
97%
200,478 Salt Lake City
97%
543,242 Tucson
97%
483,956 Colorado Springs
96%
268,851 Reno
96%
117,445 Billings
91%
509,475 Mesa
91%
389,347 Aurora
88%
274,133 North Las Vegas
88%
322,178 Henderson
84%
114,084 Provo
83%
104,175 Boulder
82%
242,753 Scottsdale
80%
112,914 Las Cruces
77%
168,538 Fort Collins
76%
279,458 Chandler
74%
249,630 Glendale
73%
273,136 Gilbert
71%
184,118 Tempe
70%
112,368 Pueblo
66%
106,186 Nampa
64%
139,110 West Valley City
64%
116,541 West Jordan
61%
194,917 Peoria
60%
149,191 Surprise
60%
125,963 Meridian
59%
156,605 Lakewood
57%
109,796 Sparks
55%
105,834 Rio Rancho
53%
142,610 Thornton
50%
101,733 Goodyear
49%
109,323 Greeley
48%
106,966 Centennial
46%
114,561 Westminster
46%
123,436 Arvada
44%
101,315 Buckeye
43%
100,758 Longmont
34%
No matching quizzes found
Score Distribution
Percent of People with Each Score
Percentile by Number Answered
Your Score History
You have not taken this quiz since the last reset